Přestavba hospodářského mechanismu ČSSR
Guardado en:
| Autor principal: | |
|---|---|
| Formato: | Libro |
| Lenguaje: | checo |
| Publicado: |
Praha
VŠE
1989
|
| Edición: | 2. vyd. |
| Etiquetas: |
Sin Etiquetas, Sea el primero en etiquetar este registro!
|
MARC
| LEADER | 00000nam a2200000 4500 | ||
|---|---|---|---|
| 001 | c029520 | ||
| 005 | 20250630102133.4 | ||
| 041 | 0 | |a cze | |
| 044 | |a CZ | ||
| 245 | 1 | 0 | |a Přestavba hospodářského mechanismu ČSSR |c Zdeněk Mošna a kol. |
| 250 | |a 2. vyd. | ||
| 264 | 1 | |a Praha |b VŠE |c 1989 | |
| 300 | |a 195 s. | ||
| 100 | 1 | |a Mošna, Zdeněk | |